[Event "Landesklasse Ost 2014/2015"]
[Site "?"]
[Date "2015.03.01"]
[Round "7"]
[White "Schaudin, Andreas"]
[Black "Latka, Richard"]
[Result "1-0"]
[WhiteElo "1680"]
[BlackElo "1697"]
[PlyCount "143"]
[EventDate "2015.??.??"]
[WhiteTeam "Schachzirkel Elstertal Langenberg"]
[BlackTeam "SSV Vimaria 91 Weimar"]

1. Nf3 c5 2. b3 d5 3. Bb2 Nc6 4. e3 Nf6 5. Be2 e6 6. d3 Bd6 7. Nbd2 e5 8. c4 d4
9. e4 O-O 10. O-O Ne8 11. h3 f5 12. Nh2 f4 13. a3 Rf6 14. Bg4 Rg6 15. Bxc8 Qxc8
16. Qf3 Nc7 17. Kh1 Ne6 18. Rg1 Ng5 19. Qg4 Qd8 20. Qe2 Qd7 21. h4 Nf7 22. g4
Rh6 23. Ndf3 Na5 24. Qd1 Be7 25. g5 Rb6 26. Nd2 Nxb3 27. Nxb3 Qa4 28. Nxd4 Qxd1
29. Raxd1 Rxb2 30. Nf5 Bf8 31. g6 Nd6 32. gxh7+ Kxh7 33. Rg5 Rxf2 34. Ng4 Re2
35. Nxe5 Nxf5 36. Rxf5 Bd6 37. Nf7 g6 38. Rd5 Be7 39. Ng5+ Kh6 40. Rg1 Re3 41.
Rd7 Re8 42. Nf7+ Kh5 43. Rd5+ Kxh4 44. Rxg6 Rh3+ 45. Kg2 Rg3+ 46. Rxg3 fxg3 47.
Re5 Kg4 48. Nh6+ Kf4 49. Rf5+ Ke3 50. Rf3+ Ke2 51. Nf5 Bg5 52. Nxg3+ Kd2 53.
Nf5 Rg8 54. Rg3 Kc3 55. Kf3 Kxd3 56. Rg4 Kxc4 57. e5+ Kb3 58. Ke4 Kxa3 59. e6
c4 60. e7 c3 61. Rxg5 Rxg5 62. e8=Q c2 63. Qe7+ Kb2 64. Qxb7+ Kc3 65. Qc6+ Kb2
66. Qb5+ Ka2 67. Qa4+ Kb2 68. Qb4+ Ka2 69. Qc3 Rg2 70. Ne3 Kb1 71. Qb3+ Kc1 72.
Nxg2 1-0

[Event "Landesklasse Ost 2014/2015"]
[Site "?"]
[Date "2015.03.01"]
[Round "7"]
[White "Gulich, Wolfgang"]
[Black "Streit, Jürgen"]
[Result "1/2-1/2"]
[WhiteElo "1768"]
[BlackElo "1742"]
[PlyCount "124"]
[EventDate "2015.??.??"]
[WhiteTeam "SSV Vimaria 91 Weimar"]
[BlackTeam "Schachzirkel Elstertal Langenberg"]

1. e4 e5 2. Nf3 Nf6 3. Nxe5 Nxe4 4. Qe2 Qe7 5. Qxe4 d6 6. d4 dxe5 7. dxe5 Nc6
8. Bb5 Bd7 9. O-O O-O-O 10. Re1 Re8 11. Bd2 a6 12. Bxc6 Bxc6 13. Qe3 Qc5 14.
Qxc5 Bxc5 15. Bc3 Re6 16. Nd2 Rhe8 17. Rad1 Ba7 18. Nb3 Rg6 19. g3 b6 20. Bd4
h5 21. h4 Rg4 22. Kf1 g5 23. hxg5 Bb5+ 24. Kg2 Rxg5 25. f4 Rg4 26. Bf2 Bc6+ 27.
Kf1 Bb5+ 28. Kg2 h4 29. Kf3 Reg8 30. Nd4 Bd7 31. gxh4 c5 32. Ne2 Bc6+ 33. Ke3
b5 34. Rg1 c4+ 35. Nd4 Bxd4+ 36. Kxd4 Rxf4+ 37. Ke3 Re4+ 38. Kd2 Rd8+ 39. Kc3
Rxe5 40. Rxd8+ Kxd8 41. Rd1+ Kc8 42. Rd2 Re4 43. a4 Kb7 44. axb5 axb5 45. b3
cxb3 46. Kxb3 Re5 47. Bd4 Re6 48. Rh2 Bf3 49. h5 Rh6 50. Be3 Rxh5 51. Rxh5 Bxh5
52. Kc3 Be2 53. Kd2 Bc4 54. c3 Kc6 55. Bd4 Kd5 56. Ke3 Ba2 57. Bf6 Ke6 58. Bd4
f5 59. Kf4 Bb1 60. Bh8 Kd5 61. Bg7 Bc2 62. Bh8 Bb1 1/2-1/2

[Event "Landesklasse Ost 2014/2015"]
[Site "?"]
[Date "2015.03.01"]
[Round "7"]
[White "Gölles, Michael"]
[Black "Gebuhr, Günter"]
[Result "0-1"]
[WhiteElo "1549"]
[BlackElo "1775"]
[PlyCount "62"]
[EventDate "2015.??.??"]
[WhiteTeam "Schachzirkel Elstertal Langenberg"]
[BlackTeam "SSV Vimaria 91 Weimar"]

1. d4 Nf6 2. c4 e6 3. Nc3 Bb4 4. Bd2 O-O 5. Nf3 b6 6. e3 Bb7 7. Bd3 d6 8. Qc2
Nbd7 9. a3 Bxc3 10. Bxc3 Re8 11. O-O-O Qe7 12. e4 e5 13. d5 Nc5 14. h3 Nh5 15.
g4 Nf4 16. Be2 a5 17. h4 Bc8 18. Rdg1 Bd7 19. b3 Nxb3+ 20. Qxb3 Nxe2+ 21. Kd2
Nxg1 22. Rxg1 Qf6 23. Rg3 a4 24. Qb1 Bxg4 25. Qh1 Qf4+ 26. Kd3 f5 27. Ng5 Qxf2
28. Rg2 fxe4+ 29. Nxe4 Qf3+ 30. Kd2 Qxe4 31. Qg1 h5 0-1

[Event "Landesklasse Ost 2014/2015"]
[Site "?"]
[Date "2015.03.01"]
[Round "7"]
[White "Taudte, Stefan"]
[Black "Kloß, Thomas"]
[Result "0-1"]
[WhiteElo "1977"]
[BlackElo "1905"]
[PlyCount "96"]
[EventDate "2015.??.??"]
[WhiteTeam "SV Empor Erfurt"]
[BlackTeam "SV Jenapharm Jena"]

1. d4 Nf6 2. c4 e6 3. Nc3 Bb4 4. Bg5 h6 5. Bxf6 Qxf6 6. e4 c5 7. e5 Qf4 8. Nge2
Qe4 9. Qd2 Bxc3 10. bxc3 O-O 11. f3 Qh4+ 12. g3 Qe7 13. f4 d6 14. Bg2 Rd8 15.
O-O Nd7 16. exd6 Qxd6 17. Qe3 Qa6 18. f5 Qxc4 19. f6 Nxf6 20. Rxf6 gxf6 21. Rf1
cxd4 22. cxd4 Kg7 23. Rc1 Qb4 24. g4 Qa5 25. Nf4 Qg5 26. h3 e5 27. dxe5 Qxe5
28. Nh5+ Kf8 29. Qxh6+ Ke7 30. Kf1 Be6 31. Re1 Qg5 32. Qh7 Rh8 33. Qe4 Rad8 34.
Qxb7+ Kf8 35. Qb4+ Kg8 36. Qe7 Rf8 37. Nxf6+ Kg7 38. Ne8+ Kh6 39. Nf6 Qb5+ 40.
Kg1 Qb6+ 41. Kh1 Qa5 42. Rf1 Qg5 43. Qxa7 Rc8 44. Ne4 Qe5 45. a4 Rc4 46. a5
Rxe4 47. Bxe4 Qxe4+ 48. Kh2 Rc8 0-1

[Event "Landesklasse Ost 2014/2015"]
[Site "?"]
[Date "2015.03.01"]
[Round "7"]
[White "Nicolai, Tim"]
[Black "Skarus, Steffen"]
[Result "1-0"]
[WhiteElo "1723"]
[BlackElo "1841"]
[PlyCount "73"]
[EventDate "2015.??.??"]
[WhiteTeam "SV Empor Erfurt"]
[BlackTeam "SV Jenapharm Jena"]

1. e4 g6 2. d4 Bg7 3. Nc3 c5 4. Nf3 cxd4 5. Nxd4 Nc6 6. Be3 Nf6 7. Bc4 Qa5 8.
O-O Qb4 9. Bb3 Ng4 10. Ndb5 Nxe3 11. Nc7+ Kd8 12. fxe3 Rb8 13. Bxf7 d6 14. N3d5
Qxb2 15. Rb1 Qe5 16. Rb5 Qh5 17. Qd2 Bd7 18. Na6 e6 19. Nxb8 exd5 20. Rxb7 Nxb8
21. Rxb8+ Ke7 22. Rxh8 Bxh8 23. Bxd5 Be5 24. Rf7+ Ke8 25. g3 Qh6 26. Qf2 g5 27.
c4 g4 28. Kh1 a5 29. Qe1 Be6 30. Rb7 Bxd5 31. cxd5 Qf6 32. Qe2 h5 33. Kg1 Bc3
34. Qa6 Qd8 35. Qc6+ Kf8 36. Qxc3 Kg8 37. Qg7# 1-0

[Event "Landesklasse Ost 2014/2015"]
[Site "?"]
[Date "2015.03.01"]
[Round "7"]
[White "Wagner, Günther"]
[Black "Strauch, Martin"]
[Result "1/2-1/2"]
[WhiteElo "1790"]
[BlackElo "1786"]
[PlyCount "44"]
[EventDate "2015.??.??"]
[WhiteTeam "SV Jenapharm Jena"]
[BlackTeam "SV Empor Erfurt"]

1. e4 d6 2. d4 Nf6 3. Nc3 g6 4. f4 Bg7 5. Nf3 O-O 6. Bd3 Na6 7. e5 Nd7 8. Qe2
Nb4 9. Bc4 Nb6 10. Bb3 e6 11. Bd2 a6 12. O-O-O Bd7 13. g4 Rc8 14. h4 c5 15.
dxc5 dxc5 16. Ne4 N6d5 17. a3 c4 18. Bxc4 Nxc2 19. Kxc2 b5 20. Nd6 bxc4 21.
Nxc4 Bb5 22. b3 Bxc4 1/2-1/2

[Event "Landesklasse Ost 2014/2015"]
[Site "?"]
[Date "2015.03.01"]
[Round "7"]
[White "Thiemann, Jürgen"]
[Black "Vater, Rainer"]
[Result "1/2-1/2"]
[WhiteElo "1677"]
[BlackElo "1809"]
[PlyCount "74"]
[EventDate "2015.??.??"]
[WhiteTeam "SV Empor Erfurt"]
[BlackTeam "SV Jenapharm Jena"]

1. d4 f5 2. c4 Nf6 3. Nc3 e6 4. g3 Be7 5. Bg2 O-O 6. Nh3 d6 7. e4 c6 8. exf5
exf5 9. d5 c5 10. Nf4 Na6 11. h3 Nc7 12. a4 Rb8 13. O-O b6 14. b3 Re8 15. Re1
Bf8 16. Bb2 g6 17. Ra2 Bg7 18. Kh2 Bd7 19. Ba1 a6 20. Rae2 Rxe2 21. Rxe2 b5 22.
axb5 axb5 23. Qe1 b4 24. Nd1 Ng4+ 25. hxg4 Bxa1 26. gxf5 Bxf5 27. Bh3 Bxh3 28.
Nxh3 Bf6 29. Nb2 Qf8 30. Nd3 Ra8 31. Kg2 Bc3 32. Qd1 Qf6 33. Qc2 Rf8 34. Ng1 g5
35. Re4 Re8 36. Qe2 Rxe4 37. Qxe4 h6 1/2-1/2

[Event "Landesklasse Ost 2014/2015"]
[Site "?"]
[Date "2015.03.01"]
[Round "7"]
[White "Asmykovich, Ihar"]
[Black "Dietrich, Mareike"]
[Result "1/2-1/2"]
[WhiteElo "1696"]
[BlackElo "1597"]
[PlyCount "94"]
[EventDate "2015.??.??"]
[WhiteTeam "SV Jenapharm Jena"]
[BlackTeam "SV Empor Erfurt"]

1. d4 d5 2. c4 c6 3. Nf3 Nf6 4. g3 Bf5 5. Bg2 e6 6. O-O Nbd7 7. Nc3 dxc4 8. a4
Be7 9. Nd2 O-O 10. Nxc4 Qc8 11. Bf4 c5 12. Bd6 cxd4 13. Qxd4 Bxd6 14. Nxd6 Qc5
15. Qxc5 Nxc5 16. Nxf5 exf5 17. Nb5 Rfd8 18. b4 Nce4 19. Rac1 Kf8 20. Rfd1 a6
21. Nd4 g6 22. Rc7 Nd5 23. Rxb7 Ndc3 24. Ne6+ fxe6 25. Rxd8+ Rxd8 26. Bxe4 Nxe4
27. Rxh7 Rd4 28. Ra7 Rxb4 29. Rxa6 Ke7 30. Ra7+ Kf6 31. a5 Ra4 32. h4 Nd6 33.
a6 Nc8 34. Rc7 Nb6 35. a7 Nd5 36. Rb7 Ne7 37. Rc7 Nd5 38. Rb7 Nc3 39. e3 Ne4
40. Kg2 Ra2 41. Kg1 Ra1+ 42. Kg2 Ra2 43. Kg1 Nd6 44. Rd7 Nb5 45. f3 Rxa7 46.
Rd8 Nc3 47. Kg2 Ra2+ 1/2-1/2

[Event "Landesklasse Ost 2014/2015"]
[Site "?"]
[Date "2015.03.01"]
[Round "7"]
[White "Graupner, Victor"]
[Black "Jung, Florian"]
[Result "0-1"]
[WhiteElo "1495"]
[BlackElo "1682"]
[PlyCount "68"]
[EventDate "2015.??.??"]
[WhiteTeam "SV Empor Erfurt"]
[BlackTeam "SV Jenapharm Jena"]

1. e4 c5 2. Nf3 d6 3. d4 cxd4 4. Nxd4 Nf6 5. Nc3 g6 6. h3 Bg7 7. Be3 Nc6 8. a3
Bd7 9. Bc4 Rc8 10. Ba2 O-O 11. O-O Ne5 12. f4 Nc4 13. Bxc4 Rxc4 14. Qe2 Rxc3
15. bxc3 Nxe4 16. Qf3 Nxc3 17. Qxb7 Bxd4 18. Bxd4 Ne2+ 19. Kh1 Nxd4 20. Qxa7
Nf5 21. Rfb1 Qc8 22. Rb7 Qc3 23. Rg1 Bc6 24. Rb3 Qxc2 25. Qb6 Bd5 26. Rb5 Qd3
27. Rxd5 Qxd5 28. a4 Ra8 29. Qb4 e5 30. fxe5 dxe5 31. Re1 e4 32. Rc1 e3 33. a5
e2 34. Qa4 Ne3 0-1

[Event "Landesklasse Ost 2014/2015"]
[Site "?"]
[Date "2015.03.01"]
[Round "7"]
[White "Riedel, Hans-Joachim"]
[Black "Rieger, Lotta"]
[Result "1-0"]
[WhiteElo "1737"]
[BlackElo "1418"]
[PlyCount "89"]
[EventDate "2015.??.??"]
[WhiteTeam "SV Jenapharm Jena"]
[BlackTeam "SV Empor Erfurt"]

1. e4 e6 2. Nc3 d5 3. d4 dxe4 4. Nxe4 Bd7 5. Be2 Bc6 6. Bf3 Be7 7. Ne2 Nf6 8.
N2g3 O-O 9. O-O Nxe4 10. Nxe4 Bd5 11. b3 Nc6 12. Be3 f5 13. Nc5 Bxc5 14. dxc5
f4 15. Bc1 Ne5 16. Bxd5 exd5 17. Bb2 Qg5 18. Qxd5+ Nf7 19. Qxg5 Nxg5 20. Rad1
f3 21. Rd7 Rf7 22. Rfd1 Raf8 23. Rxf7 Rxf7 24. Rd8+ Rf8 25. Rxf8+ Kxf8 26. Be5
c6 27. h4 Ne4 28. gxf3 Nd2 29. Kg2 Kf7 30. Bc3 Nb1 31. Bb4 Ke6 32. f4 Kd5 33.
Kf3 Kd4 34. h5 h6 35. Kg4 Ke4 36. f3+ Ke3 37. c4 a6 38. Ba5 Na3 39. Bc7 Nc2 40.
Be5 Nb4 41. Bxg7 Nd5 42. cxd5 cxd5 43. Be5 d4 44. Bxd4+ Kxd4 45. Kf5 1-0

[Event "Landesklasse Ost 2014/2015"]
[Site "?"]
[Date "2015.03.01"]
[Round "7"]
[White "Hadlich, Gerald"]
[Black "Sunderbrink, Heino"]
[Result "1/2-1/2"]
[WhiteElo "1735"]
[BlackElo "1969"]
[PlyCount "43"]
[EventDate "2015.??.??"]
[WhiteTeam "SV Hermsdorf"]
[BlackTeam "SV Medizin Erfurt"]

1. e4 Nf6 2. e5 Nd5 3. d4 d6 4. Nf3 dxe5 5. Nxe5 c6 6. h3 Nd7 7. Nf3 g6 8. c3
Bg7 9. Bd3 O-O 10. O-O c5 11. c4 Nb4 12. d5 Nxd3 13. Qxd3 Nb6 14. Na3 e6 15.
Rd1 exd5 16. cxd5 Bf5 17. Qb3 Be4 18. d6 Bc6 19. Bg5 Qd7 20. Qd3 Rfe8 21. Rd2
Rac8 22. Rc1 1/2-1/2

[Event "Landesklasse Ost 2014/2015"]
[Site "?"]
[Date "2015.03.01"]
[Round "7"]
[White "Zeuner, Ulrich"]
[Black "Bülau, Daniel"]
[Result "1-0"]
[WhiteElo "1964"]
[BlackElo "1617"]
[PlyCount "111"]
[EventDate "2015.??.??"]
[WhiteTeam "SV Medizin Erfurt"]
[BlackTeam "SV Hermsdorf"]

1. e4 e5 2. d4 exd4 3. c3 d5 4. exd5 Qxd5 5. cxd4 Nf6 6. Nf3 Be7 7. Nc3 Qd8 8.
Be2 O-O 9. O-O c6 10. Re1 Re8 11. Bc4 Bg4 12. Bxf7+ Kxf7 13. Ne5+ Kf8 14. Nxg4
Nbd7 15. Ne3 Nb6 16. Nf5 Qd7 17. Nxe7 Rxe7 18. Bg5 Rxe1+ 19. Qxe1 Qxd4 20. Rd1
Qg4 21. Bxf6 gxf6 22. h3 Qg6 23. Qe3 Re8 24. Qc5+ Kf7 25. a4 Re5 26. Qd6 Re7
27. Qb4 Qf5 28. a5 Nd5 29. Nxd5 cxd5 30. Qd4 Rd7 31. Qxa7 Qc2 32. Qd4 Qc6 33.
Rd3 Qc1+ 34. Kh2 Qc7+ 35. Rg3 Qxa5 36. Qg4 Qc7 37. f4 d4 38. Qg8+ Ke7 39. Qxh7+
Kd6 40. Qf5 Qd8 41. Rg6 Kc7 42. Rxf6 d3 43. Rf8 Qe7 44. Qa5+ Kd6 45. Rf5 Kc6
46. Rb5 Qe3 47. Rf5 Qe7 48. Re5 Qd6 49. b4 Rg7 50. Rc5+ Kd7 51. Rd5 Rg6 52.
Rxd6+ Rxd6 53. Qa4+ Ke7 54. Kg3 d2 55. Qd1 b5 56. Kf2 1-0

[Event "Landesklasse Ost 2014/2015"]
[Site "?"]
[Date "2015.03.01"]
[Round "7"]
[White "Pietzsch, Gerhard"]
[Black "Kube, Hannelore"]
[Result "1-0"]
[WhiteElo "1821"]
[BlackElo "1825"]
[PlyCount "69"]
[EventDate "2015.??.??"]
[WhiteTeam "SV Hermsdorf"]
[BlackTeam "SV Medizin Erfurt"]

1. e4 e5 2. Nf3 Nf6 3. Nxe5 d6 4. Nf3 Nxe4 5. d4 d5 6. Bd3 Be7 7. O-O Bg4 8.
Re1 Nf6 9. Qe2 Nc6 10. Bb5 Ne4 11. Bxc6+ bxc6 12. Nbd2 Nxd2 13. Bxd2 Bxf3 14.
gxf3 Kf8 15. c4 Qd7 16. Rac1 Re8 17. cxd5 Qxd5 18. Bb4 Qd7 19. Qc4 g6 20. Rxe7
Rxe7 21. Re1 Qf5 22. Rxe7 Kg7 23. Re3 Rd8 24. Bc3 Rd5 25. Qxc6 Qh5 26. Re5 Rxe5
27. dxe5 Qg5+ 28. Kf1 Qc1+ 29. Ke2 Qc2+ 30. Ke3 Qc1+ 31. Kd3 Qf1+ 32. Kc2 Qxf2+
33. Kb3 Kh6 34. Qe4 Qb6+ 35. Kc2 1-0

[Event "Landesklasse Ost 2014/2015"]
[Site "?"]
[Date "2015.03.01"]
[Round "7"]
[White "Fischer, Dennis"]
[Black "Schulz, Phillip"]
[Result "1/2-1/2"]
[WhiteElo "1865"]
[BlackElo "1734"]
[PlyCount "119"]
[EventDate "2015.??.??"]
[WhiteTeam "SV Medizin Erfurt"]
[BlackTeam "SV Hermsdorf"]

1. e4 c5 2. f4 d5 3. e5 Nc6 4. Nf3 Bg4 5. Be2 e6 6. O-O Nge7 7. Nc3 Nf5 8. h3
Bxf3 9. Bxf3 Ng3 10. Re1 Be7 11. Ne2 Nxe2+ 12. Bxe2 O-O 13. c3 d4 14. d3 Qb6
15. c4 Bh4 16. Rf1 Ne7 17. Kh2 Nf5 18. Rf3 Be7 19. g3 Rab8 20. Rb1 Qc7 21. Rf2
a6 22. Bf3 b5 23. Be4 bxc4 24. dxc4 Rfd8 25. Qd3 g6 26. Bd2 Bf8 27. g4 Ne7 28.
h4 Bg7 29. h5 Kf8 30. g5 Kg8 31. Qa3 Qa7 32. hxg6 fxg6 33. Kg2 Nf5 34. Rh1 Bf8
35. Bc1 Rb4 36. Bd2 Rbb8 37. Rh3 Rd7 38. Rff3 Ne3+ 39. Bxe3 dxe3 40. b3 Rd2+
41. Kg3 e2 42. Re3 Rbd8 43. Rh2 e1=Q+ 44. Rxe1 Qd7 45. Ree2 Rxe2 46. Rxe2 Qd1
47. Qb2 Qg1+ 48. Kh3 Qf1+ 49. Kg4 Rd4 50. Qc2 Qg1+ 51. Bg2 Be7 52. Re4 Rd8 53.
Qe2 Kf7 54. Re3 Qc1 55. Rh3 Kg7 56. Qf2 Rd4 57. Qg3 Qd2 58. Bf3 Qe3 59. Qh2 h5+
60. gxh6+ 1/2-1/2

[Event "Landesklasse Ost 2014/2015"]
[Site "?"]
[Date "2015.03.01"]
[Round "7"]
[White "Pietsch, Karsten"]
[Black "Rost, Detlef"]
[Result "0-1"]
[WhiteElo "1730"]
[BlackElo "1845"]
[PlyCount "120"]
[EventDate "2015.??.??"]
[WhiteTeam "SV Hermsdorf"]
[BlackTeam "SV Medizin Erfurt"]

1. d4 Nf6 2. c4 e6 3. Nc3 d5 4. Bg5 Nbd7 5. cxd5 exd5 6. e3 c6 7. Bd3 Be7 8.
Nf3 O-O 9. O-O Re8 10. Rc1 h6 11. Bh4 Ne4 12. Bg3 Nxg3 13. hxg3 Bd6 14. e4 dxe4
15. Nxe4 Nf6 16. Nxd6 Qxd6 17. Ne5 Be6 18. Re1 Rad8 19. Nf3 Bg4 20. Qb3 Bxf3
21. gxf3 Qxd4 22. Bc4 Rxe1+ 23. Rxe1 Rd7 24. Kg2 Qb6 25. Qc3 Qd8 26. Qe5 Nd5
27. Re4 Nf6 28. Re2 b6 29. a4 Kf8 30. Qc3 Rd4 31. Qb4+ Qd6 32. Qc3 h5 33. b3 a5
34. Qe3 h4 35. Qg5 hxg3 36. fxg3 Qd8 37. Qe3 Rd7 38. Qf4 Re7 39. Rd2 Rd7 40.
Re2 Rd4 41. Qe5 Rd2 42. Qe3 Rxe2+ 43. Bxe2 Qe7 44. Kf2 Qxe3+ 45. Kxe3 Ke7 46.
Kd4 Kd6 47. Bc4 Nd5 48. g4 f6 49. Bd3 Nc7 50. Bc4 b5 51. Bg8 Na6 52. Bh7 Nc5
53. Bc2 Ne6+ 54. Kc3 Kc5 55. Be4 Nf4 56. axb5 cxb5 57. b4+ axb4+ 58. Kb3 Ne6
59. Kc2 Kd4 60. Kb3 Nc5+ 0-1

[Event "Landesklasse Ost 2014/2015"]
[Site "?"]
[Date "2015.03.01"]
[Round "7"]
[White "Stumm, Rainer"]
[Black "Zhewnjak, Viktor"]
[Result "0-1"]
[WhiteElo "1584"]
[BlackElo "1480"]
[PlyCount "70"]
[EventDate "2015.??.??"]
[WhiteTeam "SV Medizin Erfurt"]
[BlackTeam "SV Hermsdorf"]

1. Nf3 Nf6 2. d4 d5 3. c4 e6 4. Nc3 Be7 5. Bf4 a6 6. e3 O-O 7. Qc2 c5 8. cxd5
cxd4 9. Nxd4 Nxd5 10. Nxd5 Qxd5 11. Qb3 Qxb3 12. Nxb3 Bf6 13. Rb1 e5 14. Bg3
Bf5 15. Rd1 Nc6 16. Nc5 b5 17. e4 Bg6 18. a3 Nd4 19. Bd3 Rfe8 20. h4 h5 21. f3
Be7 22. Nd7 Bd6 23. Bf2 Ra7 24. Nb6 f6 25. Nd5 Bf7 26. Nb4 Rc8 27. Bb1 Bxb4+
28. axb4 Bb3 29. O-O Bxd1 30. Rxd1 Rac7 31. Ba2+ Kf8 32. Bxd4 exd4 33. Bd5 Rc1
34. Rxc1 Rxc1+ 35. Kh2 d3 0-1

[Event "Landesklasse Ost 2014/2015"]
[Site "?"]
[Date "2015.03.01"]
[Round "7"]
[White "Juch, Felix"]
[Black "Schmidt, Uwe"]
[Result "0-1"]
[WhiteElo "1039"]
[BlackElo "1894"]
[PlyCount "92"]
[EventDate "2015.??.??"]
[WhiteTeam "SV Hermsdorf"]
[BlackTeam "SV Medizin Erfurt"]

1. c4 c6 2. e4 d5 3. cxd5 cxd5 4. exd5 Qxd5 5. Nc3 Qa5 6. Nf3 Nf6 7. Qb3 Nc6 8.
Bb5 Bd7 9. d4 e6 10. Be3 Be7 11. Ne5 Qc7 12. Nxd7 Qxd7 13. Rd1 a6 14. d5 axb5
15. dxc6 Qxc6 16. Nxb5 O-O 17. O-O Nd5 18. Nd4 Qa6 19. Nf5 Bf6 20. Bd4 Qxa2 21.
Qxa2 Rxa2 22. Bxf6 Nxf6 23. Nd6 Rxb2 24. Rb1 Rxb1 25. Rxb1 Rb8 26. Rxb7 Rxb7
27. Nxb7 Kf8 28. Kf1 Ke7 29. Ke2 Ng4 30. h3 Ne5 31. Nc5 f5 32. f4 Ng6 33. Ke3
Kd6 34. Nd3 e5 35. g4 exf4+ 36. Nxf4 Nxf4 37. Kxf4 fxg4 38. hxg4 Ke6 39. g5 Kd5
40. Kf5 g6+ 41. Kf4 Kd4 42. Kf3 Ke5 43. Kg4 Ke4 44. Kg3 Kf5 45. Kh4 Kf4 46. Kh3
Kxg5 0-1

[Event "Landesklasse Ost 2014/2015"]
[Site "?"]
[Date "2015.03.01"]
[Round "7"]
[White "Seele, Hartmut"]
[Black "Roeder, Franz"]
[Result "1/2-1/2"]
[WhiteElo "1795"]
[BlackElo "885"]
[PlyCount "38"]
[EventDate "2015.??.??"]
[WhiteTeam "SV Medizin Erfurt"]
[BlackTeam "SV Hermsdorf"]

1. e4 c5 2. d4 cxd4 3. c3 dxc3 4. Nxc3 Nc6 5. Nf3 Nf6 6. Bc4 e5 7. Ng5 d5 8.
exd5 Nd4 9. O-O Bd6 10. Be3 Ng4 11. Nge4 O-O 12. Nxd6 Qxd6 13. Ne4 Qg6 14. Ng3
Nxe3 15. fxe3 Nf5 16. Bd3 Nxe3 17. Bxg6 Nxd1 18. Bxf7+ Rxf7 19. Raxd1 Rxf1+
1/2-1/2

[Event "Landesklasse Ost 2014/2015"]
[Site "?"]
[Date "2015.03.01"]
[Round "7"]
[White "Latka, Robert"]
[Black "Seidens, Gunter"]
[Result "1/2-1/2"]
[WhiteElo "1818"]
[BlackElo "1902"]
[PlyCount "26"]
[EventDate "2015.??.??"]
[WhiteTeam "SSV Vimaria 91 Weimar"]
[BlackTeam "VfL 1990 Gera"]

1. e4 d5 2. exd5 Nf6 3. d4 Nxd5 4. c4 Nb6 5. Nc3 g6 6. Nf3 Bg7 7. Be3 O-O 8.
Be2 Nc6 9. d5 Na5 10. Bd4 c5 11. Bxg7 Kxg7 12. b3 e6 13. O-O exd5 1/2-1/2

[Event "Landesklasse Ost 2014/2015"]
[Site "?"]
[Date "2015.03.01"]
[Round "7"]
[White "Welde, Kevin"]
[Black "Philipp, Mathias"]
[Result "1-0"]
[WhiteElo "1918"]
[BlackElo "1745"]
[PlyCount "61"]
[EventDate "2015.??.??"]
[WhiteTeam "VfL 1990 Gera"]
[BlackTeam "SSV Vimaria 91 Weimar"]

1. Nf3 c5 2. c4 Nc6 3. Nc3 g6 4. d3 Bg7 5. e4 d6 6. h3 e5 7. Bg5 Nf6 8. Qd2 Be6
9. Be2 Qd7 10. Nd5 Bxd5 11. cxd5 Ne7 12. b4 b6 13. O-O O-O 14. Rab1 Rfb8 15.
Nh2 Ne8 16. f4 f6 17. Bg4 Qc7 18. Bh4 exf4 19. Be6+ Kh8 20. Qxf4 g5 21. Bxg5
Ng6 22. Qg4 Ne5 23. Qh5 fxg5 24. Ng4 Nxg4 25. Rf7 Ngf6 26. Qxg5 Qxf7 27. Bxf7
cxb4 28. Rf1 Rb7 29. Be6 a5 30. d4 Nxe4 31. Rf8+ 1-0

[Event "Landesklasse Ost 2014/2015"]
[Site "?"]
[Date "2015.03.01"]
[Round "7"]
[White "Gräf, Michael"]
[Black "Schönfeld, Volker"]
[Result "1-0"]
[WhiteElo "1861"]
[BlackElo "1885"]
[PlyCount "77"]
[EventDate "2015.??.??"]
[WhiteTeam "SSV Vimaria 91 Weimar"]
[BlackTeam "VfL 1990 Gera"]

1. d4 Nf6 2. Nf3 g6 3. Bg5 Bg7 4. Nbd2 d5 5. e3 O-O 6. c3 b6 7. Be2 Nbd7 8. O-O
Bb7 9. a4 Ne4 10. Nxe4 dxe4 11. Nd2 h6 12. Bh4 c5 13. f4 cxd4 14. cxd4 f5 15.
Nc4 Bf6 16. Be1 Bd5 17. Rc1 Rc8 18. Bb4 Re8 19. Ne5 Bxe5 20. dxe5 e6 21. Bb5
Kf7 22. Qd2 Rg8 23. Rxc8 Qxc8 24. Rc1 Qb7 25. Qc3 a6 26. Be2 Rd8 27. Ba3 Nb8
28. Qc7+ Rd7 29. Qc8 Qxc8 30. Rxc8 Nc6 31. Bxa6 Na5 32. Bb5 Rb7 33. Bd6 g5 34.
g3 gxf4 35. gxf4 Kg6 36. b4 Nb3 37. Be8+ Kh7 38. Rc7+ Kg8 39. Bf7+ 1-0

[Event "Landesklasse Ost 2014/2015"]
[Site "?"]
[Date "2015.03.01"]
[Round "7"]
[White "Huster, Mike"]
[Black "Weiß, Thomas"]
[Result "0-1"]
[WhiteElo "1899"]
[BlackElo "1893"]
[PlyCount "86"]
[EventDate "2015.??.??"]
[WhiteTeam "VfL 1990 Gera"]
[BlackTeam "SSV Vimaria 91 Weimar"]

1. d4 Nf6 2. Nf3 e6 3. c4 c5 4. Nc3 cxd4 5. Nxd4 Bb4 6. Bd2 Nc6 7. Nc2 Bxc3 8.
Bxc3 O-O 9. Qd3 d5 10. Rd1 Ne4 11. e3 Qg5 12. g3 Qf5 13. f4 dxc4 14. Qxc4 Nxc3
15. Qxc3 Qe4 16. Rg1 e5 17. Bd3 Qa4 18. b3 Qa5 19. Qxa5 Nxa5 20. f5 b6 21. b4
Nc6 22. Be4 Bb7 23. Rd7 Rab8 24. Bd5 Nd8 25. Bb3 Be4 26. Rf1 Rc8 27. Rf2 Nc6
28. a3 Rcd8 29. Rfd2 Bxf5 30. Rc7 Rc8 31. Rb7 Nd8 32. Rxa7 Rc3 33. Ra8 Nc6 34.
Rxf8+ Kxf8 35. Na1 Rxe3+ 36. Kf2 Rc3 37. Rd6 Ke7 38. Rd1 Nd4 39. Bd5 Rxa3 40.
Rc1 f6 41. b5 Kd6 42. Bg8 Rf3+ 43. Kg2 Rd3 0-1

[Event "Landesklasse Ost 2014/2015"]
[Site "?"]
[Date "2015.03.01"]
[Round "7"]
[White "Kretzschmar, Bernd"]
[Black "Plontke, Ingo"]
[Result "1/2-1/2"]
[WhiteElo "1821"]
[BlackElo "1881"]
[PlyCount "26"]
[EventDate "2015.??.??"]
[WhiteTeam "VfL 1990 Gera"]
[BlackTeam "SSV Vimaria 91 Weimar"]

1. e4 d6 2. d4 g6 3. Nf3 Bg7 4. Bc4 c6 5. O-O d5 6. exd5 cxd5 7. Bd3 Nf6 8. h3
O-O 9. c3 Nc6 10. Bf4 a6 11. a4 Re8 12. Re1 Nd7 13. Nbd2 e5 1/2-1/2

[Event "Landesklasse Ost 2014/2015"]
[Site "?"]
[Date "2015.03.01"]
[Round "7"]
[White "Greger, Dominik"]
[Black "Fijalkowski, Jürgen"]
[Result "0-1"]
[WhiteElo "1590"]
[BlackElo "1812"]
[PlyCount "100"]
[EventDate "2015.??.??"]
[WhiteTeam "SSV Vimaria 91 Weimar"]
[BlackTeam "VfL 1990 Gera"]

1. d4 d5 2. Nf3 Nf6 3. e3 Bg4 4. c4 c6 5. Qb3 Qc7 6. Nc3 e6 7. h3 Bxf3 8. gxf3
Nbd7 9. Bd2 a6 10. Rc1 Rb8 11. Bd3 dxc4 12. Bxc4 b5 13. Bd3 c5 14. dxc5 Nxc5
15. Qc2 Nxd3+ 16. Qxd3 Rd8 17. Ne2 Qb7 18. Qc2 Qxf3 19. Qc6+ Qxc6 20. Rxc6 Ra8
21. O-O Be7 22. Rfc1 O-O 23. f3 Nd5 24. a3 Bf6 25. R1c2 Ne7 26. Rc7 Rfc8 27. b3
Rxc7 28. Rxc7 h6 29. e4 Rc8 30. Ba5 Rxc7 31. Bxc7 Nc6 32. Bb6 Kf8 33. Kf1 Be7
34. a4 bxa4 35. bxa4 Bd6 36. Nd4 Nxd4 37. Bxd4 e5 38. Bb6 Ke7 39. Ke2 Kd7 40.
Kd3 Be7 41. Kc4 Kc6 42. Bf2 g6 43. Be3 h5 44. Bf2 f5 45. h4 fxe4 46. fxe4 g5
47. hxg5 Bxg5 48. Bg3 Bf6 49. Bh2 h4 50. Bg1 Bg5 0-1

[Event "Landesklasse Ost 2014/2015"]
[Site "?"]
[Date "2015.03.01"]
[Round "7"]
[White "Drechsel, Uwe"]
[Black "Lieke, Arno"]
[Result "1-0"]
[WhiteElo "1792"]
[BlackElo "1688"]
[PlyCount "49"]
[EventDate "2015.??.??"]
[WhiteTeam "VfL 1990 Gera"]
[BlackTeam "SSV Vimaria 91 Weimar"]

1. e4 c6 2. d4 d5 3. exd5 cxd5 4. Bd3 Nf6 5. c3 e6 6. Nf3 Be7 7. O-O O-O 8.
Nbd2 Nbd7 9. Re1 b6 10. Nf1 Bb7 11. Ng3 h6 12. Qe2 Bd6 13. Ne5 Nh7 14. f4 Ndf6
15. f5 Bc8 16. fxe6 Bxe6 17. Rf1 Re8 18. Qc2 Nf8 19. Bf4 Qc7 20. Rae1 Ng4 21.
Qd2 Nxe5 22. Bxe5 Bxe5 23. Rxe5 Nd7 24. Re2 Nf6 25. Rxf6 1-0

[Event "Landesklasse Ost 2014/2015"]
[Site "?"]
[Date "2015.03.22"]
[Round "8"]
[White "Sunderbrink, Heino"]
[Black "Philipp, Mathias"]
[Result "1/2-1/2"]
[WhiteElo "1969"]
[BlackElo "1745"]
[PlyCount "26"]
[EventDate "2015.??.??"]
[WhiteTeam "SV Medizin Erfurt"]
[BlackTeam "SSV Vimaria 91 Weimar"]

1. Nf3 d5 2. c4 e6 3. b3 f5 4. g3 Nf6 5. Bg2 Bd6 6. d3 Nbd7 7. Bb2 O-O 8. O-O
c6 9. Nc3 Qe8 10. e4 f4 11. exd5 exd5 12. cxd5 fxg3 13. hxg3 Nxd5 1/2-1/2